000 00396pab a2200157 454500
008 180718b1996 xxu||||| |||| 00| 0 eng d
100 _aSurjit Singh
245 _aRural social transformation in India: some thoughts
260 _c1996
300 _ap.93-107
362 _aJan-Jun
650 _aRural development - India
650 _aRural development
773 _aAnvesak
909 _a32021
999 _c32021
_d32021